SCH : 20 Citations #6 (Difficile) - Statistiques

Statistiques générales
  • Ce quiz a été pris 45 fois
  • Le résultat moyen est 7 sur 20
Statistiques - réponses
Hint Réponse % Correct
J'pense à toi, et j'regarde l'horizon, un soleil rouge se couche sur la plage, mais tu n'es pas là Jour d'octobre
67%
J'ai pas trouvé le temps désolé, on parle très peu devant les gens Day date
55%
Le cœur a besoin d'un docteur, j'tiens ma tête hors de l'eau d'octobre à octobre Batterie vide
52%
J'rode seul dans mes boulevards, j'ai flingue, j'ai pas bout-mara J'suis revenu via sous-marin, j'rappe seul dans pièce toute noire Ivresse & Hennessy
52%
J'ressens des vagues de tristesse m'envahir J'les vois heurter les falaises aux pieds des montagnes C'est p't-être le prix d'mon œuvre J'attends
52%
Longtemps qu'j'suis pas allé à l'église, longtemps qu'j'suis pas parti voir papa Fournaise
45%
J'parle au monde de la nuit de jour, j'parle au monde de la rue toujours VNTM
45%
Le silence du coup d'feu contre l'oreiller, anonyme comme le mec dans l'canon rayé Quartiers nord
39%
On brave le vent, les froids, les pluies et les fonds des marais On brave les feux, la haine de ceux qui s'sont égarés Raisons
39%
J'ai tous vos p'tits noms dans une blacklist, tout mon p'tit monde dans une grande loge Alleluia
36%
À la base : on s'est rien promis mais le temps a promis pour nous Tirer un trait
27%
Maman, m'en veut pas, il m'faut une femme, l'amitié, j'ai déjà donné Pas de manières
24%
Tonnerre de Zeus, j’suis dans l'middle mais j’viens d’en-dessous comme Hadès Baden Baden
21%
Viens, on choisit pas cette vie, viens, on s'barre autre part, viens, on regarde plus les prix comme si on avait des milliards King
21%
Faut qu'tous mes ennemis goutent ma rage au bout d'un .38, quand les corps se détachent de leurs âmes, les soirs de samedi CEO
18%
On récolte c'qu'on sème, pute, on récolte c'qu'on mise, on s'embourgeoise autant qu'on s'enlise Neuer
18%
On veut savoir combien tu fais, parce qu'on sait c'que tu nous dois Quoi
18%
Des vrais reufs, j'en ai un tas qui tombent, j'aime pas ces mecs, ils ont un tas d'idoles D'hier à aujourd'hui
12%
J'ai des potes accrochés au plafond du monde comme des posters de chambre de gosse 83k
6%
J'crois qu'ça y est, j'suis une tête d'affiche, deux p'tits te filochent, on n'est pas à Dubaï, là Vivienne Westwood
6%
Aucun quiz correspondant
Distribution des résultats
% des personnes avec chaque résultat
Percentile par nombre de réponses
Votre historique - résultats
Vous n’avez pas pris ce quiz